| 000 | 01752nam0a2200325 4500 | ||
|---|---|---|---|
| 001 | RU\NLR\BIBL_A\022357730 | ||
| 005 | 20250604112439.0 | ||
| 010 |
_a978-5-907816-59-6 _9500 |
||
| 021 |
_aRU _bКН-П-24-052961 _9КН-П-24-5269 |
||
| 035 | _a(NLR Aleph) 022357730 | ||
| 090 |
_a13425270 _c13425270 |
||
| 100 | _a20241018d2023 u y0rusy50 ca | ||
| 101 | 0 | _arus | |
| 102 | _aRU | ||
| 105 | _aa j 000yy | ||
| 181 | 0 |
_ai _baxxe |
|
| 182 | 0 | _an | |
| 200 | 1 |
_aТеория управления _eучебник _eпо направлению подготовки 38.03.04 Государственное и муниципальное управление _fМ. А. Нестеренко, А. А. Коровин _gМинистерство сельского хозяйства Российской Федерации, ФГБОУ ВО "Кубанский государственный аграный университет имени И. Т. Трубилина" |
|
| 203 |
_aТекст _bвизуальный _cнепосредственный |
||
| 210 |
_aКраснодар _cКубГАУ _d2023 |
||
| 215 |
_a131 с. _cил., табл. _d21 |
||
| 320 | _aБиблиогр.: с. 128-129 (31 назв.) | ||
| 606 | 1 |
_aУправление _jУчебники для высших учебных заведений _xТеория _9898361 _3RU\NLR\AUTH\666004 |
|
| 686 | 1 | _aУ21(0)0я73 | |
| 700 | 1 |
_aНестеренко _bМ. А. _gМарина Александровна |
|
| 701 | 1 |
_7ca _8rus _aКоровин _bА. А. _cканд. ист. наук _gАлександр Анатольевич _92652969 _3RU\NLR\AUTH\770281002 |
|
| 942 | _cBOOK | ||
| 980 | _aNB | ||